Psychologie de l'adolescent (notice n° 1925338)

détails MARC
000 -LEADER
fixed length control field 01235cam a2200133 4500500
005 - DATE AND TIME OF LATEST TRANSACTION
control field 20260329023202.0
041 ## - LANGUAGE CODE
Language code of text/sound track or separate title fre
042 ## - AUTHENTICATION CODE
Authentication code dc
100 10 - MAIN ENTRY--PERSONAL NAME
Personal name Coslin, Pierre G.
Relator term author
245 00 - TITLE STATEMENT
Title Psychologie de l'adolescent
260 ## - PUBLICATION, DISTRIBUTION, ETC.
Name of publisher, distributor, etc. Armand Colin,<br/>
Date of publication, distribution, etc. 2017.<br/>
520 ## - SUMMARY, ETC.
Summary, etc. Qu’est-ce que l’adolescence ? Une période de passage de l’état d’enfant à celui d’adulte marquée par d’importantes transformations somatiques qui, parallèlement à une poussée instinctuelle, rapprochent l’enfant de l’homme ou de la femme au plan physique, alors que les contraintes et conventions sociales le maintiennent dans son statut antérieur. Une période donc de transition, de changements qui bouleversent l’équilibre du sujet et engendrent de nouveaux modes d’être au monde.Le présent ouvrage, régulièrement réactualisé, aborde résolument, sous ses différents angles, l’ensemble de la problématique. Il constitue de ce fait une synthèse riche en éléments de réponse, et une ressource essentielle pour démonter les mythologies ambiantes et triompher des préjugés, voire des peurs.
856 41 - ELECTRONIC LOCATION AND ACCESS
Uniform Resource Identifier <a href="https://shs.cairn.info/psychologie-de-l-adolescent--9782200617769?lang=fr&redirect-ssocas=7080">https://shs.cairn.info/psychologie-de-l-adolescent--9782200617769?lang=fr&redirect-ssocas=7080</a>

Pas d'exemplaire disponible.

PLUDOC

PLUDOC est la plateforme unique et centralisée de gestion des bibliothèques physiques et numériques de Guinée administré par le CEDUST. Elle est la plus grande base de données de ressources documentaires pour les Étudiants, Enseignants chercheurs et Chercheurs de Guinée.

Adresse

627 919 101/664 919 101

25 boulevard du commerce
Kaloum, Conakry, Guinée

Réseaux sociaux

Powered by Netsen Group @ 2025